Statystyki dla Dni tygodnia po hiszpańsku

Kliknij tutaj aby rozwiązać quiz!

Ogólne statystyki

  • Ten quiz został rozwiązany 3 624 razy
  • Średni wynik to 6 z 7

Statystyki odpowiedzi

Dzień% Poprawnych
domingo
87%
lunes
84%
martes
83%
sábado
82%
miércoles
77%
viernes
72%
jueves
67%

Rozkład punktacji

Percentyl według liczby udzielonych odpowiedzi

Procent ludzi z każdym wynikiem

Twoja historia wyników

Nie rozwiązałeś tego quizu